Fr. Conceicao Rodrigues College of Engineering

An Encyclopedia of Computer Terminology (Record no. 18808)

MARC details
000 -LEADER
fixed length control field 00318nam a2200145Ia 4500
082 ## - DEWEY DECIMAL CLASSIFICATION NUMBER
Classification number 4.01403
Item number BAN
100 ## - MAIN ENTRY--PERSONAL NAME
Personal name Banerjee/H.R.
245 ## - TITLE STATEMENT
Title An Encyclopedia of Computer Terminology
260 ## - PUBLICATION, DISTRIBUTION, ETC.
Name of publisher, distributor, etc. Jaico Pub
Place of publication, distribution, etc. Bombay
Date of publication, distribution, etc. 1996
300 ## - PHYSICAL DESCRIPTION
Extent 220
546 ## - LANGUAGE NOTE
Language note ENGLISH
654 ## - SUBJECT ADDED ENTRY--FACETED TOPICAL TERMS
Focus term Computer
942 ## - ADDED ENTRY ELEMENTS (KOHA)
Koha item type Reference Book
Holdings
Withdrawn status Lost status Damaged status Not for loan Collection Home library Current library Shelving location Date acquired Source of acquisition Cost, normal purchase price Inventory number Total Checkouts Full call number Barcode Date last seen Cost, replacement price Price effective from Koha item type
        CRC Fr. Agnel's C.Rodrigues College of Engineering Fr. Agnel's C.Rodrigues College of Engineering   17/03/2023 global books 695.00 012/96A   4.01403 BAN 8056 17/03/2023 695.00 17/03/2023 Reference Book